00483nam a2200193 a 4500001001300000003000900013005001700022008004100039020002500080082001300105100001800118245001800136260004300154300000900197500003500206505001300241650001700254700001800271nice12345678IN_TiNIC20260116014046.0050524s2004 newa grp 000 0 eng  a0760719 c246.100a323bPAI aPaine, Thomas aRights of Man aNew YorkbBarnes and Noble Booksc2004 a259p aincludes index and biblioraphy2 aAppendix aHuman Rights1 aPaine, Thomas